000 00734nam a2200241 i 4500
001 61250
003 ES-MaACL
005 20230906164418.0
007 t|
008 031111s1985 sp ||||1| spa d
020 _a84-254-1456-3
100 1 _aEysenck, Michael W.
_948455
245 1 0 _aAtención y activación
_b: cognición y realización /
_cMichael W. Eysenck ; [versión Diorki].
260 _aBarcelona :
_bHerder,
_c1985.
300 _a258 p. ;
_c21 cm.
490 1 _aBiblioteca de psicología ;
_v137
500 _aIndices.
504 _aBibliografía: p. 335-358.
710 2 _aDiorki.
_93392
830 0 _aBiblioteca de psicología ;
_v137
_9180745
852 _aES-MaACL
_jL-8714
_bR.109300
999 _c61250
_d61250